000 00251nam a2200109Ia 4500
008 190216s9999||||xx |||||||||||||| ||und||
100 _aAgatha Christie
245 4 _aThe Moving Fingers
260 _bPan Books London
650 _aEnglish
942 _cBK
999 _c13330
_d13330